UM Logo

Crime prevention policies in comparative perspective/ (Record no. 4549)

MARC details
000 -LEADER
fixed length control field 00682nam a22001817a 4500
008 - FIXED-LENGTH DATA ELEMENTS--GENERAL INFORMATION
fixed length control field 160916b xxu||||| |||| 00| 0 eng d
020 ## - INTERNATIONAL STANDARD BOOK NUMBER
International Standard Book Number 9781843924128
082 ## - DEWEY DECIMAL CLASSIFICATION NUMBER
Edition number 2009
Classification number 364.4094
Item number C85
245 ## - TITLE STATEMENT
Title Crime prevention policies in comparative perspective/
Statement of responsibility, etc. edited by Adam Crawford.
260 ## - PUBLICATION, DISTRIBUTION, ETC. (IMPRINT)
Place of publication, distribution, etc. Cullompton, Devon; Portland, Or.:
Name of publisher, distributor, etc. Willan Pub.,
Date of publication, distribution, etc. c2009.
300 ## - PHYSICAL DESCRIPTION
Extent xxviii, 266 pages:
Other physical details illustrations;
Dimensions 24 cm
500 ## - GENERAL NOTE
General note Includes bibliographical references and index.
650 #0 - SUBJECT ADDED ENTRY--TOPICAL TERM
9 (RLIN) 14640
Topical term or geographic name as entry element Crime prevention
Geographic subdivision Europe
650 #0 - SUBJECT ADDED ENTRY--TOPICAL TERM
9 (RLIN) 14641
Topical term or geographic name as entry element Crime prevention
General subdivision Cross-cultural studies
700 ## - ADDED ENTRY--PERSONAL NAME
9 (RLIN) 14642
Personal name Crawford, Adam
Relator term Editor
365 ## - TRADE PRICE
Price type code Php
Price amount 4318.00
942 ## - ADDED ENTRY ELEMENTS (KOHA)
Source of classification or shelving scheme Dewey Decimal Classification
Koha item type Circulation
Holdings
Withdrawn status Lost status Source of classification or shelving scheme Damaged status Not for loan Collection code Home library Current library Date acquired Source of acquisition Total Checkouts Full call number Barcode Date last seen Price effective from Koha item type
    Dewey Decimal Classification     Circulation UM Digos College - LIC UM Digos College - LIC 09/24/2010 Purchased   DC 364.4094 C85 2009 21306 06/08/2021 09/16/2016 Circulation